[Event "MVP-ch Seniors op 16th"]
[Site "Binz"]
[Date "2016.11.28"]
[Round "6.46"]
[White "Reinemann, Guenter"]
[Black "Grasmeyer, Klaus Peter"]
[Result "1/2-1/2"]
[WhiteElo "1924"]
[BlackElo "1816"]
[PlyCount "47"]
[EventDate "2016.11.23"]
[EventType "swiss"]
[EventRounds "9"]
[EventCountry "GER"]
[SourceTitle "EXT 2018"]
[Source "ChessBase"]
[SourceDate "2017.10.13"]
[SourceVersion "1"]
[SourceVersionDate "2017.10.13"]
[SourceQuality "1"]

1. e4 d5 2. exd5 Qxd5 3. Nc3 Qd8 4. d4 c6 5. Nf3 Bf5 6. Bd3 Bxd3 7. Qxd3 e6 8. Be3 Nf6 9. 0-0 Be7 10. Rad1 Nbd7 11. a3 0-0 12. Rfe1 Qc7 13. h3 Rad8 14. Qe2 Nd5 15. Nxd5 cxd5 16. Rd3 Rc8 17. c3 Nb6 18. Bc1 Rfe8 19. Ne5 Bd6 20. Qh5 Nc4 21. Nxc4 dxc4 22. Rf3 g6 23. Qh4 Be7 24. Bg5 1/2-1/2

[Event "MVP-ch Seniors op 16th"]
[Site "Binz"]
[Date "2016.11.27"]
[Round "5.67"]
[White "Grasmeyer, Klaus Peter"]
[Black "Howe, Dietrich"]
[Result "1-0"]
[WhiteElo "1816"]
[BlackElo "1527"]
[PlyCount "25"]
[EventDate "2016.11.23"]
[EventType "swiss"]
[EventRounds "9"]
[EventCountry "GER"]
[SourceTitle "EXT 2018"]
[Source "ChessBase"]
[SourceDate "2017.10.13"]
[SourceVersion "1"]
[SourceVersionDate "2017.10.13"]
[SourceQuality "1"]

1. d4 Nf6 2. c4 e6 3. a3 c5 4. dxc5 Bxc5 5. b4 Be7 6. Nf3 d5 7. e3 Qc7 8. cxd5 Nxd5 9. Ra2 0-0 10. Rc2 Nc6 11. b5 Qa5+ 12. Bd2 Qxb5 13. Bxb5 1-0

[Event "Wuerttemberg-ch Seniors op 26th"]
[Site "Freudenstadt"]
[Date "2014.07.18"]
[Round "3"]
[White "Woisetschlaeger, Adolf"]
[Black "Grasmeyer, Klaus Peter"]
[Result "1-0"]
[WhiteElo "1977"]
[BlackElo "1803"]
[PlyCount "81"]
[EventDate "2014.07.16"]
[EventType "swiss"]
[EventRounds "9"]
[EventCountry "GER"]
[SourceTitle "EXT 2019"]
[Source "ChessBase"]
[SourceDate "2018.10.10"]
[SourceVersion "1"]
[SourceVersionDate "2018.10.10"]
[SourceQuality "1"]

1. c4 Nf6 2. g3 e6 3. Bg2 d5 4. cxd5 exd5 5. d3 Be7 6. Nf3 0-0 7. 0-0 Bf5 8. Re1 c6 9. Bd2 Nbd7 10. Nd4 Bg6 11. Bc3 Re8 12. Nd2 Rb8 13. b4 Bf8 14. a4 c5 15. bxc5 Nxc5 16. N2b3 Rc8 17. Nxc5 Bxc5 18. Qb3 Qb6 19. Qxb6 Bxb6 20. Nb5 Re6 21. Bh3 Rxc3 22. Nxc3 Rc6 23. Nb5 a6 24. a5 Bc5 25. Na3 Be7 26. Red1 Kf8 27. Kf1 Rc5 28. Nb1 Bd8 29. Nd2 Rb5 30. Nf3 Ke7 31. Rdb1 Kd6 32. Rxb5 axb5 33. a6 bxa6 34. Rxa6+ Kc5 35. Ke1 b4 36. Kd2 Kb5 37. Ra8 Bb6 38. e3 Ba5 39. Ne5 Bc7 40. f4 Bxe5 41. fxe5 1-0

[Event "Hessen-ch Seniors op 08th"]
[Site "Bad Sooden-Allendorf"]
[Date "2012.04.17"]
[Round "4"]
[White "Grasmeyer, Klaus Peter"]
[Black "Krotofil, Kurt"]
[Result "0-1"]
[WhiteElo "1824"]
[BlackElo "2030"]
[PlyCount "104"]
[EventDate "2012.04.14"]
[EventType "swiss"]
[EventRounds "9"]
[EventCountry "GER"]
[SourceTitle "EXT 2019"]
[Source "ChessBase"]
[SourceDate "2018.10.10"]
[SourceVersion "1"]
[SourceVersionDate "2018.10.10"]
[SourceQuality "1"]

1. d4 d5 2. Nf3 e6 3. e3 Nf6 4. c4 c6 5. Nc3 Nbd7 6. cxd5 exd5 7. Be2 Bd6 8. 0-0 0-0 9. b3 Re8 10. Bb2 Ne4 11. Rc1 Ndf6 12. Na4 Qe7 13. Qc2 h6 14. h3 Bf5 15. Bd3 Qe6 16. Nc5 Qc8 17. Ne5 Bxh3 18. Nxe4 dxe4 19. Bxe4 Nxe4 20. Qxe4 Be6 21. Qd3 Qd8 22. Qe2 Qh4 23. f4 f6 24. Nf3 Qh5 25. Qf2 Bd5 26. Rce1 Re7 27. Re2 Rae8 28. Rfe1 Be4 29. Rd1 Qa5 30. Bc1 Qa6 31. Ne1 Bf5 32. Qf3 Qb5 33. g4 Be4 34. Qf2 h5 35. gxh5 Qxh5 36. Qh2 Qg4+ 37. Kf1 g5 38. Qg1 Qxg1+ 39. Kxg1 gxf4 40. exf4 Rg7+ 41. Ng2 Kf7 42. Kf1 Rh8 43. Ne1 f5 44. Rf2 Rh1+ 45. Ke2 Bb4 46. a3 Bc3 47. Bd2 Bxd4 48. Be3 Bxe3 49. Kxe3 Rg3+ 50. Kd4 Rxb3 51. Ke5 Rb5+ 52. Kd4 Rd5+ 0-1